000 00645nam a2200253 a 4500
001 14325
003 BD-JhCC
005 20250304092050.0
008 250302b20072018e a|||| ||a| 001 0 eng d
020 _a9780241338896
035 _a(BD-JhCC)14325
040 _aBD-JhCC
_dBD-JhCC
041 _aenglish
082 _a808.83
_bACK 2018
100 _a Acker, Kathy
245 _aNew York City in 1979 /
_c Kathy Acker .
260 _aNew York:
_bPenguin Books;
_c2018.
300 _a64 p. :
_c16 cm.
490 _aPenguin Modern: 27
500 _aPenguin Modern: 27
650 _aEnglish Short stories.
942 _2ddc
_cBK
999 _c14325
_d14325